| 000 | 00769nmc a2200289 a 4500 | ||
|---|---|---|---|
| 003 | AR-BaBNM | ||
| 005 | 20251128202901.0 | ||
| 008 | 077119s1952 ||||||||||||||000 | spa|| | ||
| 040 | _cAR-BaBNM | ||
| 700 | 1 | _aMitre, Bartolomé | |
| 100 | 0 | _d1821-1906 | |
| 245 | 1 | 0 | _aAntología |
| 260 |
_aBuenos Aires _bEstrada _c1952 |
||
| 300 | 1 | _aXIX, 217 P. | |
| 490 | 0 |
_aEstrada _vv. 26 |
|
| 600 | 1 | 4 | _aBelgrano, Manuel |
| 600 | 1 | 4 | _aSan Martín, José de |
| 600 | 1 | 4 | _aBrown, Guillermo |
| 650 | 4 | _aHISTORIA CULTURAL | |
| 650 | 4 | _aHISTORIOGRAFIA ARGENTINA | |
| 650 | 4 | _aREVOLUCION DE MAYO | |
| 650 | 4 | _aMOVIMIENTOS EMANCIPADORES LATINOAMERICANOS | |
| 650 | 4 | _aCAUDILLOS ARGENTINOS | |
| 700 | 1 |
_aGálvez, Manuel _eprologuista |
|
| 942 | _cBK | ||
| 998 | _cmariana | ||
| 999 |
_c1032 _d1032 |
||